| 000 | 00409nam a22001337a 4500 | ||
|---|---|---|---|
| 020 | _qPB. | ||
| 040 | _cFIZZA ISHAQ | ||
| 082 |
_a973.93 _bDAV |
||
| 100 |
_aGRIFFIN,RAY DAVID. _9133152 |
||
| 245 |
_aTHE NEW PEARL HARBOR DISTURBING QUESTIONS ABOUT THE BUSH ADMINISTRATION AND 9/11 / _cDAVID RAY GRIFFIN, |
||
| 260 |
_aNEW YORK ; _bOLIVE BRANCH PRESS , _c2004. |
||
| 300 |
_a254 P. ; _c9X5.9IN |
||
| 942 |
_2ddc _cBK |
||
| 999 |
_c616173 _d616173 |
||